000 00339 a2200157 4500
001 164322
020 _a
040 _cMagnum
100 _aWerneck, Leny
240 1 0 _aO velho que foi embora
_lpor
245 1 0 _aO velho que foi embora
362 0 _a1899
440 1 _aMelhoramentos
697 _aIJ/SOCIEDADE COTIDIANO
942 _cBK
999 _c164322
_d164322